Vin, Fromage, Roi ou Équipe de Ligue 1 – Quiz sur la France - Statistiques

Statistiques générales
  • Ce quiz a été pris 128 fois
  • Le résultat moyen est 22 sur 32
Statistiques - réponses
Hint Réponse % Correct
Clovis Roi
93%
Beaufort Fromage
89%
Dagobert Roi
89%
Béziers Équipe de Ligue 1
88%
Époisses Fromage
87%
Cancoillotte Fromage
83%
Rocamadour Fromage
83%
Châteauroux Équipe de Ligue 1
83%
Sémillon Vin
82%
Martigues Équipe de Ligue 1
81%
Sète Équipe de Ligue 1
80%
Childeric Roi
79%
Istres Équipe de Ligue 1
79%
Angoulême Équipe de Ligue 1
79%
Hyères Équipe de Ligue 1
79%
Salers Fromage
78%
Vermentino Vin
76%
Theuderic Roi
73%
Lothair Roi
73%
Syrah Vin
71%
Alès Équipe de Ligue 1
70%
Pepin Roi
69%
Grenache Vin
68%
Malbec Vin
66%
Carloman Roi
65%
Neufchâtel Fromage
57%
Pélardon Fromage
57%
Valençay Fromage
39%
Colombard Vin
38%
Odo Roi
36%
Macabeu Vin
35%
Aramon Vin
20%
Aucun quiz correspondant
Distribution des résultats
% des personnes avec chaque résultat
Percentile par nombre de réponses
Votre historique - résultats
Vous n’avez pas pris ce quiz